French sociology

The book presents a focused, comprehensive review of the social theory of France since 1968. In the introduction, the book illuminates the French intellectual milieu and describes the institutional context in which French sociologists work. Its examination of the French sociological inheritance and...

詳細記述

保存先:
書誌詳細
フォーマット: 図書
言語:Undetermined
出版事項: New York Columbia univ 1981
主題:
タグ: タグ追加
タグなし, このレコードへの初めてのタグを付けませんか!
Thư viện lưu trữ: Trung tâm Học liệu Trường Đại học Cần Thơ
LEADER 01097nam a2200169Ia 4500
001 CTU_18453
008 210402s9999 xx 000 0 und d
082 |a 301.0944 
082 |b F876 
245 0 |a French sociology 
260 |a New York 
260 |b Columbia univ 
260 |c 1981 
520 |a The book presents a focused, comprehensive review of the social theory of France since 1968. In the introduction, the book illuminates the French intellectual milieu and describes the institutional context in which French sociologists work. Its examination of the French sociological inheritance and the political and economic history that has shaped French thought further helps to clarify the nature and concerns of French social theory and to identify and place individual thinkers. Completing the introductory material, the book outlines the recent history of French sociology 
650 |a france - intellectual life - addresses, essays, lectures,france - sociology - history - addresses, essays, lectures 
904 |i Minh, 970913 
980 |a Trung tâm Học liệu Trường Đại học Cần Thơ